| 000 | 00704npm a2200205 i 4500 | ||
|---|---|---|---|
| 001 | 5306 | ||
| 003 | ES-MaACL | ||
| 005 | 20230908152229.0 | ||
| 007 | hzrazu bucu | ||
| 008 | 900430r1990 sp b 00010 lat d | ||
| 080 | _a11(02) | ||
| 245 | 0 | 0 |
_aInstitutiones Metaphysicae _b: [Microforma] : usui tironum aptatae. |
| 260 |
_aMadrid : _bAteneo Cientifico, Literario y Artistico, _c1990. |
||
| 300 |
_a2 microfichas : _bnegativo. |
||
| 500 | _aReproduccion de un ejemplar falto de portada, [s.l.], [s.n.], [s.a.] | ||
| 505 | 8 | _aMicroficha n. 1: p.387 (sic) a 507 -- Microficha n. 2: p.508 a 552 | |
| 852 |
_aES-MaACL _jMCF-51 _95423 _cDEPO1 |
||
| 942 |
_2udc _cMICROFORMA |
||
| 999 |
_c5306 _d5306 |
||